00510cam a2200181 a 4500001000800000005001700008008004100025010001700066020002500083040001800108041000800126080001400134082002100148100000700169101000800176245011800184504002600302471473820180205082227.0830726s1984 nyua b 001 0 eng  a 83014772  a0471882135 :c$19.95 aDLCcDLCdDLC aeng a658.4012 00a658.4012 ACK2191 a54 aLID12aA guide to controlling your corporation's future /cRussell L. Ackoff, Jamshid Gharajedaghi, Elsa Vergara Finnel. aBibliography: p. 159.